| 000 | 00479pab a2200181 454500 | ||
|---|---|---|---|
| 008 | 180718b2004 xxu||||| |||| 00| 0 eng d | ||
| 100 | _aSen, Abijit | ||
| 245 | _aPoverty and inequality in India | ||
| 260 | _c2004 | ||
| 300 | _ap.4247-263; 39(39), 25 Sep 2004, p.4361-375. | ||
| 362 | _a18 Sep | ||
| 650 | _aSocial inequality - India | ||
| 650 | _aPoverty - India | ||
| 650 | _aPoverty | ||
| 700 | _aHimanshu | ||
| 773 | _aEconomic and Political Weekly | ||
| 909 | _a62559 | ||
| 999 |
_c62559 _d62559 |
||